Countries that are Not Free (2017) - Statistics

General Stats
  • This quiz has been taken 198 times
  • The average score is 35 of 49
Answer Stats
Answer % Correct
North Korea
94%
China
89%
Iran
89%
Iraq
88%
Libya
87%
Afghanistan
86%
Russia
86%
Algeria
85%
Saudi Arabia
85%
Somalia
85%
Dem Rep Congo
84%
Syria
83%
Yemen
83%
Oman
81%
Congo
80%
Sudan
79%
South Sudan
77%
Turkmenistan
77%
Egypt
75%
Chad
74%
Eritrea
74%
United Arab Emirates
74%
Uzbekistan
74%
Venezuela
74%
Qatar
73%
Ethiopia
72%
Kazakhstan
72%
Tajikistan
71%
Vietnam
71%
Central African Republic
70%
Cuba
69%
Mauritania
69%
Laos
68%
Uganda
68%
Bahrain
66%
Belarus
66%
Angola
65%
Cambodia
65%
Djibouti
65%
Rwanda
62%
Azerbaijan
59%
Burundi
59%
Gabon
52%
Cameroon
50%
Thailand
48%
Equatorial Guinea
47%
Gambia
47%
Brunei
46%
Eswatini
46%
No matching quizzes found
Score Distribution
Percent of People with Each Score
Percentile by Number Answered
Your Score History
You have not taken this quiz